| 000 | 00560nam a2200193 a 4500 | ||
|---|---|---|---|
| 005 | 20140310183243.0 | ||
| 008 | 040804s19uu xx 00 eng d | ||
| 020 | _a0534396437 | ||
| 050 |
_aQA 331.3 _b.Sw95 2002 |
||
| 100 | _aSwokoski, Earl W. | ||
| 245 |
_aPrecalculus : _bfunctions and graphs / _cEarl W. Swokoski |
||
| 260 |
_aAustralia : _bThomson Learning, _c2002. |
||
| 300 |
_aA-96 _bcol. ill. ; _c25 cm. |
||
| 500 | _aIncludes bibliography & index. | ||
| 650 | _aCalculus. | ||
| 700 | _aCole, Jeffrey A. | ||
| 942 |
_cBK _2lcc _kFOR |
||
| 999 |
_c20645 _d20645 |
||